000 00512nam a2200145 a 4500
001 000038995
005 20201002031442.0
008 130510s1973 dr 000 0 spa d
040 _aDO-SdBNP
_bspa
_cBNPHU
100 1 _aMorales, Tomás
_965240
245 1 3 _aEl superpuerto ¡un peligro antillano! /
_cTomás Morales.
260 _aSanto Domingo :
_bTomas Mora,
_c1973.
300 _a35 p. ;
_c20 cm.
500 _aUna contrubución de la Universidad Autónoma de Santo Donmingo a los problemas ecológicos del Caribe
999 _c38485
_d38485